[Event "21e tournoi de Noël"]
[Site "Montigny le Bretonneux"]
[Date "2021.12.27"]
[Round "1.1"]
[White "Joslin, Jerome"]
[Black "Couradin, Bruno"]
[Result "1-0"]
[WhiteElo "2048"]
[BlackElo "1454"]
[Annotator "Rivier,Sylvain"]
[PlyCount "41"]
[EventDate "2021.??.??"]

{Défense Nimzo-indienne, système Rubinstein} 1. d4 d5 2. c4 e6 3. e3 Nf6 4. Nc3
Nc6 5. Nf3 Bb4 6. Bd3 O-O 7. O-O Re8 8. a3 Bd6 9. e4 dxe4 10. Nxe4 Nxe4 11.
Bxe4 Bd7 12. b4 Rb8 13. Bc2 a6 14. Qd3 f5 15. Bb2 Be7 16. d5 exd5 17. Qxd5+ Kf8
18. b5 axb5 19. cxb5 Na7 20. Bb3 Be6 21. Qxe6 1-0

[Event "21e tournoi de Noël"]
[Site "Montigny le Bretonneux"]
[Date "2021.12.27"]
[Round "1.2"]
[White "Marival, Fred"]
[Black "Ribiere, Damien"]
[Result "0-1"]
[WhiteElo "1425"]
[BlackElo "2030"]
[Annotator "Rivier,Sylvain"]
[PlyCount "80"]
[EventDate "2021.??.??"]

{Défense Pirc} 1. e4 d6 2. d4 Nf6 3. Nc3 g6 4. g3 Bg7 5. Bg2 O-O 6. Nge2 Nc6 7.
O-O e5 8. d5 Nb8 9. Bg5 h6 10. Bd2 a5 11. a3 Nbd7 12. Rb1 a4 13. f4 exf4 14.
Bxf4 Ng4 15. Qd2 Kh7 16. h3 Nge5 17. Qd1 Nc5 18. Be3 b6 19. Nb5 Bd7 20. Nbc3
Qe7 21. Bd4 Rae8 22. Kh2 f5 23. exf5 Bxf5 24. Nf4 Nc4 25. Bxg7 Qxg7 26. Re1
Nxb2 27. Qf3 Nc4 28. Rxe8 Rxe8 29. Ne6 Nxe6 30. dxe6 Nd2 31. Qe3 Nxb1 32. Nxb1
Rxe6 33. Qc1 Qd4 34. c3 Qe5 35. Nd2 Qe1 36. Qb2 Re2 37. Qb5 Qxd2 38. Qc6 Rxg2+
39. Qxg2 Qxg2+ 40. Kxg2 Kg7 0-1

[Event "21e tournoi de Noël"]
[Site "Montigny le Bretonneux"]
[Date "2021.12.27"]
[Round "1.3"]
[White "Mahe, Romain"]
[Black "Longbien, Dominique"]
[Result "1/2-1/2"]
[WhiteElo "1971"]
[BlackElo "1417"]
[Annotator "Rivier,Sylvain"]
[PlyCount "67"]
[EventDate "2021.??.??"]

{Défense Caro-Kann, variante des deux cavaliers} 1. e4 c6 2. Nf3 d5 3. Nc3 Bg4
4. h3 Bxf3 5. Qxf3 e6 6. d3 Bd6 7. g3 Nd7 8. Bg2 Ne5 9. Qd1 Ne7 10. O-O O-O 11.
b3 Qb6 12. Bb2 Rad8 13. Qh5 N5g6 14. Kh1 Be5 15. Na4 Qc7 16. d4 Bxg3 17. fxg3
Qxg3 18. Rf3 Qc7 19. e5 b6 20. Raf1 c5 21. c3 Nf5 22. Kg1 Ngh4 23. R3f2 Qe7 24.
Re1 cxd4 25. cxd4 Rc8 26. Qg4 Rc7 27. Nc3 Qb4 28. Rc1 Rfc8 29. Ne2 Rxc1+ 30.
Bxc1 Rc2 31. Rf1 Rxa2 32. Qg5 h6 33. Qg4 Qxb3 34. Nf4 1/2-1/2

[Event "21e tournoi de Noël"]
[Site "Montigny le Bretonneux"]
[Date "2021.12.27"]
[Round "1.4"]
[White "Barthere, Gilles"]
[Black "Divies, Renaud"]
[Result "0-1"]
[WhiteElo "1350"]
[BlackElo "1954"]
[Annotator "Rivier,Sylvain"]
[PlyCount "86"]
[EventDate "2021.??.??"]

{Défense sicilienne, variante Paulsen} 1. e4 c5 2. Nf3 e6 3. d4 cxd4 4. Nxd4 a6
5. Nc3 Qc7 6. Be3 Nf6 7. f3 Bb4 8. Qd3 d5 9. Bd2 e5 10. Nde2 d4 11. Nd5 Nxd5
12. exd5 Bxd2+ 13. Qxd2 O-O 14. Ng3 Nd7 15. c4 f5 16. Bd3 Nc5 17. O-O Bd7 18.
Bc2 a5 19. b3 b5 20. Rae1 bxc4 21. bxc4 Rab8 22. Rb1 g6 23. Rxb8 Rxb8 24. Rb1
Rxb1+ 25. Bxb1 Na4 26. Bd3 Qb6 27. Ne2 e4 28. fxe4 fxe4 29. Bxe4 d3+ 30. Kf1
dxe2+ 31. Kxe2 Bg4+ 32. Bf3 Bxf3+ 33. Kxf3 Qf6+ 34. Qf4 Kf7 35. g4 Nb6 36. g5
Qxf4+ 37. Kxf4 Nxc4 38. Ke4 Ke7 39. Kd4 Nb2 40. Kc5 Kd7 41. Kb5 Kd6 42. Kxa5
Kxd5 43. Kb4 Nd3+ 0-1

[Event "21e tournoi de Noël"]
[Site "Montigny le Bretonneux"]
[Date "2021.12.27"]
[Round "1.5"]
[White "Imbert, Christophe"]
[Black "Chaintreau, Maxime"]
[Result "0-1"]
[WhiteElo "1880"]
[BlackElo "1329"]
[Annotator "Rivier,Sylvain"]
[PlyCount "84"]
[EventDate "2021.??.??"]

{Partie espagnole,, défense Steinitz} 1. e4 e5 2. Nf3 Nc6 3. Bb5 d6 4. d4 exd4
5. Nxd4 Bd7 6. Bxc6 Bxc6 7. Qf3 Qd7 8. Be3 Nf6 9. Nc3 O-O-O 10. a4 a6 11. O-O
Re8 12. Nxc6 Qxc6 13. Bd4 Re6 14. b4 Qc4 15. Rfd1 c5 16. bxc5 dxc5 17. Nd5 cxd4
18. c3 dxc3 19. Nxc3 Rc6 20. Rd3 Bb4 21. Nd5 Nxd5 22. exd5 Rf6 23. Qe3 Kb8 24.
Rc1 Qf4 25. Rd4 Qxe3 26. fxe3 Bd6 27. Rh4 h6 28. Rf1 Rxf1+ 29. Kxf1 Re8 30. Ke2
Re5 31. Rd4 f5 32. Kf3 g5 33. g4 fxg4+ 34. Rxg4 Rxd5 35. h4 Kc7 36. h5 Re5 37.
Rg2 Bc5 38. e4 b5 39. axb5 axb5 40. Ra2 Kb7 41. Rd2 b4 42. Rb2 Kc6 0-1

[Event "21e tournoi de Noël"]
[Site "Montigny le Bretonneux"]
[Date "2021.12.27"]
[Round "1.6"]
[White "Tanchoux, Pierre"]
[Black "Delmas-Goyon, Francois"]
[Result "0-1"]
[WhiteElo "1312"]
[BlackElo "1877"]
[Annotator "Rivier,Sylvain"]
[PlyCount "58"]
[EventDate "2021.??.??"]

{Partie du pion dame} 1. d4 Nf6 2. Nf3 e6 3. e3 d5 4. a3 c5 5. b3 cxd4 6. exd4
Bd6 7. Bd3 O-O 8. O-O b6 9. Bb2 Ba6 10. Re1 Bxd3 11. Qxd3 Nbd7 12. Nbd2 Rc8 13.
a4 Bb8 14. Rac1 Qe7 15. Ne5 Rfd8 16. Ndf3 Nxe5 17. Nxe5 Ne4 18. f3 Nd6 19. Ng4
Nf5 20. g3 Qg5 21. Qe2 h5 22. Ne3 Bf4 23. Nxf5 Bxc1 24. Bxc1 Qxf5 25. Qd3 Qxd3
26. cxd3 Rc3 27. b4 Rdc8 28. Be3 Rxd3 29. b5 Rcc3 0-1

[Event "21e tournoi de Noël"]
[Site "Montigny le Bretonneux"]
[Date "2021.12.27"]
[Round "1.7"]
[White "Gaillard, Michel"]
[Black "Aidan, David"]
[Result "1-0"]
[WhiteElo "1859"]
[BlackElo "1302"]
[Annotator "Rivier,Sylvain"]
[PlyCount "119"]
[EventDate "2021.??.??"]

{Défense des deux cavaliers} 1. e4 e5 2. Nf3 Nf6 3. Nc3 Nc6 4. Bc4 Nxe4 5.
Bxf7+ Kxf7 6. Nxe4 d5 7. Neg5+ Ke8 8. d4 e4 9. O-O exf3 10. Qxf3 Be7 11. Qf7+
Kd7 12. Qxd5+ Ke8 13. Qf7+ Kd7 14. Ne6 Qe8 15. Nc5+ Kd8 16. Qd5+ Bd7 17. Re1 h6
18. Bf4 g5 19. Bg3 Rf8 20. Ne6+ Kc8 21. Nxf8 Qxf8 22. c3 Nd8 23. Qc4 Bd6 24.
Bxd6 Qxd6 25. d5 Qf4 26. Qxf4 gxf4 27. Re4 Nf7 28. Rxf4 Nd6 29. Rf8+ Be8 30.
Re1 b6 31. Rfxe8+ Nxe8 32. Rxe8+ Kb7 33. Rxa8 Kxa8 34. g4 Kb8 35. h4 Kc8 36.
Kg2 Kd8 37. Kf3 Ke8 38. Ke4 a6 39. Ke5 Ke7 40. f4 a5 41. a4 Kf7 42. f5 Ke7 43.
g5 hxg5 44. hxg5 Kf7 45. d6 cxd6+ 46. Kxd6 Ke8 47. Ke6 Kd8 48. Kd6 Ke8 49. Kc6
Ke7 50. Kxb6 Kd6 51. g6 Ke7 52. c4 Kf6 53. c5 Kxf5 54. g7 Ke5 55. Kxa5 Kd5 56.
Kb5 Kd4 57. g8=Q Ke4 58. c6 Ke5 59. c7 Kd4 60. c8=Q 1-0

[Event "21e tournoi de Noël"]
[Site "Montigny le Bretonneux"]
[Date "2021.12.27"]
[Round "1.8"]
[White "Payot, Guillaume"]
[Black "Goujon, Antoine"]
[Result "1/2-1/2"]
[WhiteElo "1286"]
[BlackElo "1775"]
[Annotator "Rivier,Sylvain"]
[PlyCount "57"]
[EventDate "2021.??.??"]

{Défense Nimzo-indienne, variante Fischer} 1. d4 Nf6 2. c4 e6 3. Nc3 Bb4 4. e3
b6 5. Bd3 Bb7 6. Nf3 O-O 7. O-O Bxc3 8. bxc3 Ne4 9. Nd2 d5 10. Qc2 f5 11. f3
Nxd2 12. Bxd2 Ba6 13. cxd5 Bxd3 14. Qxd3 exd5 15. e4 f4 16. exd5 Qxd5 17. Qe4
Qxe4 18. fxe4 g5 19. g3 fxg3 20. Rxf8+ Kxf8 21. Bxg5 gxh2+ 22. Kxh2 Nd7 23. Kh3
Re8 24. Re1 Kg7 25. e5 h6 26. Bf4 c6 27. Rg1+ Kh7 28. Kh4 c5 29. Kh5 1/2-1/2

[Event "21e tournoi de Noël"]
[Site "Montigny le Bretonneux"]
[Date "2021.12.27"]
[Round "1.9"]
[White "Sondermeijer, Damien"]
[Black "Dufraisse, Matteo"]
[Result "1-0"]
[WhiteElo "1714"]
[BlackElo "1280"]
[Annotator "Rivier,Sylvain"]
[PlyCount "95"]
[EventDate "2021.??.??"]

{Défense Petroff} 1. e4 e5 2. Nf3 Nf6 3. Nxe5 d6 4. Nf3 Nxe4 5. Nc3 Nxc3 6.
dxc3 Bg4 7. h3 Bh5 8. Be3 Nc6 9. Be2 Qf6 10. Qd5 Bxf3 11. Bxf3 a6 12. Qb3 Ne5
13. Bxb7 Rd8 14. Qa4+ Nd7 15. Bc6 Be7 16. O-O Qf5 17. Rac1 O-O 18. Bxd7 Qxd7
19. Qxa6 Ra8 20. Qc4 d5 21. Qd3 Rxa2 22. c4 Rxb2 23. cxd5 Rfb8 24. Bd4 Ra2 25.
Qg3 f6 26. c4 Bd6 27. f4 Qf5 28. Qg4 Qxg4 29. hxg4 c5 30. dxc6 Rc8 31. c5 Be7
32. Rfe1 Kf7 33. Rb1 Ra7 34. Rb7 Rc7 35. Reb1 Ke6 36. Rxa7 Rxa7 37. Rb7 Ra8 38.
f5+ Kd5 39. Rxe7 Kxd4 40. Rxg7 Kxc5 41. c7 Kd6 42. Rf7 h6 43. Rxf6+ Kxc7 44.
Rxh6 Ra4 45. g5 Kd7 46. g6 Ke7 47. g7 Kf7 48. f6 1-0

[Event "21e tournoi de Noël"]
[Site "Montigny le Bretonneux"]
[Date "2021.12.27"]
[Round "1.10"]
[White "Plancade, Philajit"]
[Black "Weens, William"]
[Result "0-1"]
[WhiteElo "1273"]
[BlackElo "1697"]
[Annotator "Rivier,Sylvain"]
[PlyCount "78"]
[EventDate "2021.??.??"]

{Défense sicilienne, variante Najdorf} 1. e4 c5 2. Nf3 d6 3. d4 cxd4 4. Nxd4
Nf6 5. Nc3 a6 6. Bg5 e6 7. Bd3 Be7 8. O-O b5 9. Re1 Bb7 10. Qe2 Nbd7 11. a3 Rc8
12. Rad1 O-O 13. Be3 Ne5 14. f3 Nc4 15. Bxc4 Rxc4 16. e5 Nd5 17. Nxd5 Bxd5 18.
b3 Rc8 19. exd6 Bxd6 20. b4 Qh4 21. g3 Qh3 22. Rd2 Rc3 23. Nb3 Bxg3 24. hxg3
Qxg3+ 25. Kf1 Bc4 26. Rd3 Bxd3 27. cxd3 Rxb3 28. a4 Rxb4 29. Bc5 Rh4 30. Qe3
Rh1+ 31. Qg1 Rxg1+ 32. Bxg1 Qxf3+ 33. Bf2 Rc8 34. Kg1 Rc2 35. Rf1 h5 36. axb5
axb5 37. d4 h4 38. d5 h3 39. dxe6 Qg2# 0-1

[Event "21e tournoi de Noël"]
[Site "Montigny le Bretonneux"]
[Date "2021.12.27"]
[Round "1.11"]
[White "Artieres, Michel"]
[Black "Ries, Antoine"]
[Result "1-0"]
[WhiteElo "1681"]
[BlackElo "1267"]
[Annotator "Rivier,Sylvain"]
[PlyCount "29"]
[EventDate "2021.??.??"]

{Défense russe, variante moderne} 1. e4 e5 2. Nf3 Nf6 3. d4 exd4 4. Nxd4 Nxe4
5. Bd3 Nf6 6. O-O Be7 7. Nf5 O-O 8. Nxe7+ Qxe7 9. Re1 Qd8 10. Bg5 d6 11. Nc3
Be6 12. Qf3 c6 13. Ne4 Bd5 14. Nxf6+ Qxf6 15. Qh3 1-0

[Event "21e tournoi de Noël"]
[Site "Montigny le Bretonneux"]
[Date "2021.12.27"]
[Round "1.12"]
[White "Bauchaire, Gerard"]
[Black "Chaintreau, Thomas"]
[Result "0-1"]
[WhiteElo "1248"]
[BlackElo "1665"]
[Annotator "Rivier,Sylvain"]
[PlyCount "98"]
[EventDate "2021.??.??"]

{Défense française, variante Rubinstein} 1. e4 c5 2. Nf3 e6 3. Nc3 d5 4. exd5
exd5 5. d4 Nf6 6. Be2 Nc6 7. O-O Be7 8. Be3 cxd4 9. Nxd4 O-O 10. Re1 Ne4 11.
Nxe4 dxe4 12. Nxc6 bxc6 13. Qxd8 Rxd8 14. Rad1 Be6 15. Rxd8+ Rxd8 16. b3 c5 17.
Rd1 Rxd1+ 18. Bxd1 g5 19. g3 Kg7 20. c4 f5 21. Bc2 Kf6 22. Kg2 Bd6 23. f3 f4
24. gxf4 gxf4 25. Bc1 exf3+ 26. Kxf3 Kg5 27. Bxh7 Bg4+ 28. Ke4 Be6 29. h4+ Kg4
30. h5 f3 31. Be3 Kg3 32. Bf5 Bxf5+ 33. Kxf5 f2 34. Bxf2+ Kxf2 35. Kg6 Ke3 36.
h6 Be5 37. Kf7 Kd3 38. Kg8 Kc3 39. h7 a5 40. h8=Q Bxh8 41. Kxh8 Kb2 42. a4 Kxb3
43. Kg7 Kxc4 44. Kf6 Kb3 45. Ke6 c4 46. Kd5 c3 47. Kc5 Kxa4 48. Kc4 c2 49. Kc3
c1=Q+ 0-1

[Event "21e tournoi de Noël"]
[Site "Montigny le Bretonneux"]
[Date "2021.12.27"]
[Round "1.13"]
[White "Faris, Marouane"]
[Black "Rosu, Alexandru"]
[Result "0-1"]
[WhiteElo "1662"]
[BlackElo "1245"]
[Annotator "Rivier,Sylvain"]
[PlyCount "78"]
[EventDate "2021.??.??"]

{Partie italienne, guioco piano} 1. e4 e5 2. Nf3 Nc6 3. Bc4 Bc5 4. c3 Nf6 5. d3
d6 6. O-O Be6 7. Bb5 O-O 8. Re1 a6 9. Ba4 b5 10. Bc2 d5 11. Nbd2 dxe4 12. dxe4
Qd6 13. h3 Rfd8 14. Qe2 Ne7 15. b3 Ng6 16. Nf1 Qe7 17. Kh2 Bb6 18. g3 c5 19.
Be3 Qb7 20. Rab1 Nxe4 21. Bxe4 Qxe4 22. Ng5 Qf5 23. Nxe6 Qxe6 24. c4 b4 25.
Rbd1 Rxd1 26. Rxd1 Qe7 27. Rd5 Rd8 28. Bc1 a5 29. Ne3 Nf4 30. Nf5 Nxe2 31.
Nxe7+ Kf8 32. Rxd8+ Bxd8 33. Nc6 Nxc1 34. Nxd8 Nxa2 35. Nc6 a4 36. bxa4 b3 37.
a5 b2 38. a6 b1=Q 39. a7 Qb7 0-1

[Event "21e tournoi de Noël"]
[Site "Montigny le Bretonneux"]
[Date "2021.12.27"]
[Round "1.14"]
[White "Rosu, Andrei"]
[Black "Flagiello, Francesco"]
[Result "0-1"]
[WhiteElo "1241"]
[BlackElo "1633"]
[Annotator "Rivier,Sylvain"]
[PlyCount "78"]
[EventDate "2021.??.??"]

{Partie italienne} 1. e4 e5 2. Nf3 Nc6 3. Bc4 Nf6 4. d3 Bc5 5. Nc3 d6 6. h3 Be6
7. Bb3 Qd7 8. Be3 Bb6 9. Ng5 h6 10. Nxe6 fxe6 11. Qe2 O-O-O 12. Bxb6 axb6 13.
O-O-O Nd4 14. Qd2 Nh5 15. Ne2 Nxe2+ 16. Qxe2 Nf4 17. Qg4 h5 18. Qf3 Rdf8 19.
Rde1 Qe7 20. Qg3 Rh6 21. Rhg1 Rg6 22. Qh2 Qh4 23. f3 Rxg2 24. Bxe6+ Kb8 25. Qh1
Rxg1 26. Rxg1 Nxe6 27. Rg6 Rf6 28. Rxf6 Qxf6 29. Qg2 Qg5+ 30. Qxg5 Nxg5 31. h4
Nxf3 32. Kd1 Nxh4 33. Ke2 g5 34. Kf2 g4 35. Kg3 Nf3 36. Kf2 h4 37. Kg2 h3+ 38.
Kh1 g3 39. a4 g2# 0-1

[Event "21e tournoi de Noël"]
[Site "Montigny le Bretonneux"]
[Date "2021.12.27"]
[Round "1.15"]
[White "Vadillo Torre, Ismael"]
[Black "Flagiello, Domenico"]
[Result "0-1"]
[WhiteElo "1578"]
[BlackElo "1209"]
[Annotator "Rivier,Sylvain"]
[PlyCount "60"]
[EventDate "2021.??.??"]

{Défense est-indienne} 1. d4 d6 2. Nf3 Nf6 3. c4 g6 4. Nc3 Bg7 5. h3 O-O 6. e4
Re8 7. Be2 b6 8. O-O Bb7 9. d5 Nbd7 10. Bf4 e5 11. Be3 Nc5 12. Qc2 c6 13. Rac1
cxd5 14. cxd5 Rc8 15. Qb1 Ba6 16. Bxc5 Bxe2 17. Nxe2 bxc5 18. Nc3 Rb8 19. Qc2
Nh5 20. Kh2 Qf6 21. Ng1 Rb7 22. Qd2 Reb8 23. b3 Nf4 24. g3 Nh5 25. h4 Rb4 26.
Qe3 h6 27. Qf3 Qe7 28. Nge2 Nf6 29. Rg1 h5 30. Qe3 Ng4+ 0-1

[Event "21e tournoi de Noël"]
[Site "Montigny le Bretonneux"]
[Date "2021.12.27"]
[Round "1.16"]
[White "Breteau-Ribeiro, Charles"]
[Black "Saint-Leger, Stephane"]
[Result "1-0"]
[WhiteElo "1199"]
[BlackElo "1571"]
[Annotator "Rivier,Sylvain"]
[PlyCount "71"]
[EventDate "2021.??.??"]

{Défense scandinave} 1. e4 d5 2. exd5 Nf6 3. d4 Bg4 4. f3 Bf5 5. c4 e6 6. Nc3
exd5 7. Bg5 dxc4 8. Bxc4 Be7 9. Qb3 O-O 10. Nge2 b6 11. g4 Bc8 12. Bxf6 Bxf6
13. Bd5 c6 14. Be4 Qc7 15. h4 Bb7 16. g5 Be7 17. O-O-O a5 18. Rdg1 Kh8 19. Bb1
c5 20. Qc2 g6 21. h5 Rg8 22. hxg6 fxg6 23. Rg3 Bd6 24. Rgh3 Rg7 25. Nb5 Qe7 26.
Rxh7+ Rxh7 27. Rxh7+ Qxh7 28. Nxd6 Bxf3 29. dxc5 Qh1+ 30. Kd2 Bxe2 31. Nf7+ Kg8
32. Qxg6+ Kf8 33. Qd6+ Kxf7 34. Bg6+ Kg8 35. Qe6+ Kg7 36. Qf7+ 1-0

[Event "21e tournoi de Noël"]
[Site "Montigny le Bretonneux"]
[Date "2021.12.27"]
[Round "1.17"]
[White "Couradin, Jean-Marie"]
[Black "Gros, Arthur"]
[Result "1-0"]
[WhiteElo "1562"]
[BlackElo "1199"]
[Annotator "Rivier,Sylvain"]
[PlyCount "77"]
[EventDate "2021.??.??"]

{Partie du pion dame} 1. d4 d5 2. Nf3 Nf6 3. Bf4 g6 4. e3 Bg4 5. h3 Bxf3 6.
Qxf3 Bg7 7. c4 Nc6 8. Nc3 e6 9. Rc1 Qe7 10. Be2 O-O 11. O-O e5 12. dxe5 Nxe5
13. Bxe5 Qxe5 14. cxd5 Rfd8 15. Rfd1 Rd6 16. Bc4 Rad8 17. Bb3 Qf5 18. Qxf5 gxf5
19. f3 Nh5 20. Nb5 Ng3 21. Rxc7 R6d7 22. Rd2 a6 23. Rxd7 Rxd7 24. Nc3 Bxc3 25.
bxc3 Re7 26. Rd3 Kg7 27. c4 Kg6 28. d6 Rd7 29. c5 Kh5 30. Bxf7+ Kh4 31. Be6 Rd8
32. Bd5 f4 33. e4 Kh5 34. Bxb7 Rb8 35. c6 h6 36. d7 a5 37. d8=Q Rxd8 38. Rxd8
Ne2+ 39. Kf2 1-0

[Event "21e tournoi de Noël"]
[Site "Montigny le Bretonneux"]
[Date "2021.12.27"]
[Round "1.18"]
[White "Hawecker, Yoann"]
[Black "Kunne, Ronald"]
[Result "0-1"]
[WhiteElo "1199"]
[BlackElo "1531"]
[Annotator "Rivier,Sylvain"]
[PlyCount "38"]
[EventDate "2021.??.??"]

{Défense française, variante d'avance} 1. e4 e6 2. d4 d5 3. e5 c5 4. c3 Nc6 5.
Nf3 Bd7 6. Be2 f6 7. Bf4 Qb6 8. Qd2 cxd4 9. cxd4 Bb4 10. Nc3 fxe5 11. Nxe5 Nf6
12. Be3 Ne4 13. Bh5+ g6 14. Qe2 Nxc3 15. bxc3 Bxc3+ 16. Kf1 Nxe5 17. dxe5 Bb5
18. Bxb6 Bxe2+ 19. Kxe2 Bxa1 0-1

[Event "21e tournoi de Noël"]
[Site "Montigny le Bretonneux"]
[Date "2021.12.27"]
[Round "1.20"]
[White "Rosu, Matei"]
[Black "Sanchez-Narboni, Quentin"]
[Result "0-1"]
[WhiteElo "1191"]
[BlackElo "1514"]
[Annotator "Rivier,Sylvain"]
[PlyCount "66"]
[EventDate "2021.??.??"]

{Défense française, variante d'avance} 1. e4 e6 2. d4 d5 3. e5 c5 4. c3 Ne7 5.
Nf3 Nec6 6. Be2 b6 7. O-O Be7 8. Bb5 Ba6 9. Bxa6 Nxa6 10. Qa4 Qc8 11. Rd1 O-O
12. Be3 cxd4 13. cxd4 Qb7 14. Rc1 Rfc8 15. Nbd2 b5 16. Qb3 Na5 17. Rxc8+ Rxc8
18. Qd3 Nb4 19. Qe2 Rc2 20. a3 Na6 21. Ne1 Rxb2 22. Qd1 Nc4 23. Nd3 Rxd2 24.
Bxd2 Bxa3 25. Bf4 Nc7 26. Rb1 a5 27. Qc2 b4 28. Qa4 h6 29. Nc5 Qb5 30. Qxb5
Nxb5 31. Kf1 Nxd4 32. Bc1 Kf8 33. Bxa3 Nd2+ 0-1

[Event "21e tournoi de Noël"]
[Site "Montigny le Bretonneux"]
[Date "2021.12.27"]
[Round "1.21"]
[White "Sondermeijer, Antoine"]
[Black "Bauchaire, Isaac"]
[Result "1-0"]
[WhiteElo "1485"]
[BlackElo "1109"]
[Annotator "Rivier,Sylvain"]
[PlyCount "43"]
[EventDate "2021.??.??"]

{Défense des deux cavaliers} 1. e4 e5 2. Bc4 Nf6 3. d4 Nxe4 4. dxe5 Nc5 5. Nf3
Nc6 6. O-O Ne6 7. Be3 Be7 8. Nc3 O-O 9. Nd5 Bg5 10. Nxg5 Nxg5 11. f4 Ne6 12. f5
Qh4 13. fxe6 Qxc4 14. Rf4 Qb5 15. exf7+ Kh8 16. Nxc7 Qxe5 17. Nxa8 Qxe3+ 18.
Rf2 Rxf7 19. Qe2 Qc5 20. Qe8+ Rf8 21. Qxf8+ Qxf8 22. Rxf8# 1-0

[Event "21e tournoi de Noël"]
[Site "Montigny le Bretonneux"]
[Date "2021.12.27"]
[Round "1.22"]
[White "Chaintreau, Cedric"]
[Black "Gheorghin, Felix"]
[Result "0-1"]
[WhiteElo "1092"]
[BlackElo "1469"]
[Annotator "Rivier,Sylvain"]
[PlyCount "86"]
[EventDate "2021.??.??"]

{Défense sicilienne} 1. e4 c5 2. Nf3 d6 3. Bc4 e6 4. d4 cxd4 5. Qxd4 Nc6 6. Qd3
Nf6 7. Bg5 Be7 8. Nbd2 O-O 9. O-O Qc7 10. a3 a6 11. b4 b5 12. Bb3 Bb7 13. Rac1
Ne5 14. Nxe5 dxe5 15. c4 bxc4 16. Rxc4 Qb6 17. Be3 Qd6 18. Qxd6 Bxd6 19. f3 a5
20. Bc5 Bxc5+ 21. bxc5 Ba6 22. Rfc1 Bxc4 23. Rxc4 Rfd8 24. Rc2 Rac8 25. Nf1 Rd3
26. Nd2 Nd7 27. c6 Nb6 28. Kf2 a4 29. Ba2 Rd6 30. Ke3 Rdxc6 31. Rb2 Kf8 32. Rb5
Rc3+ 33. Ke2 Nd7 34. Bb1 Rxa3 35. Bd3 Nc5 36. Bc4 Ra1 37. Ra5 a3 38. Bb5 Ra2
39. Ke3 Rxd2 40. Rxa3 Rxg2 41. h3 Rh2 42. Bf1 Rb8 43. Rc3 Rb3 0-1

[Event "21e tournoi de NoÃ«l"]
[Site "Montigny le Bretonneux"]
[Date "2021.12.27"]
[Round "2.1"]
[White "Kunne, Ronald"]
[Black "Joslin, Jerome"]
[Result "0-1"]
[WhiteElo "1531"]
[BlackElo "2048"]
[Annotator "Rivier,Sylvain"]
[PlyCount "72"]
[EventDate "2021.??.??"]

{DÃ©but du fou, dÃ©fense berlinoise} 1. e4 e5 2. Nf3 Nc6 3. Bc4 Nf6 4. d3 d5 5.
exd5 Nxd5 6. Nc3 Be6 7. Ng5 Nxc3 8. Nxe6 Nxd1 9. Nxd8 Rxd8 10. Kxd1 Bc5 11. Be3
Bxe3 12. fxe3 e4 13. Bb5 O-O 14. Bxc6 bxc6 15. Ke2 Rd6 16. d4 Rb8 17. b3 c5 18.
c3 cxd4 19. exd4 f5 20. Rhf1 g6 21. Ke3 c5 22. g4 cxd4+ 23. cxd4 fxg4 24. Rac1
Rb7 25. Rf4 h5 26. Rxe4 Rf6 27. d5 Rf3+ 28. Kd4 Rf2 29. d6 Rd2+ 30. Ke5 Rb5+
31. Ke6 Rb6 32. Rc8+ Kg7 33. Rd8 Rxh2 34. Ke7 Rd2 35. d7 g3 36. Rc8 Rb7 0-1

[Event "21e tournoi de Noël"]
[Site "Montigny le Bretonneux"]
[Date "2021.12.27"]
[Round "2.2"]
[White "Ribiere, Damien"]
[Black "Couradin, Jean-Marie"]
[Result "1-0"]
[WhiteElo "2030"]
[BlackElo "1562"]
[Annotator "Rivier,Sylvain"]
[PlyCount "101"]
[EventDate "2021.??.??"]

{Défense Caro-Kann} 1. e4 c6 2. Ne2 d5 3. e5 Bf5 4. Ng3 Bg6 5. h4 h6 6. h5 Bh7
7. e6 fxe6 8. d4 Qd6 9. f4 Nf6 10. Bd3 Nbd7 11. O-O O-O-O 12. Bxh7 Nxh7 13. Nd2
Rg8 14. Nf3 g5 15. Ne5 Nxe5 16. fxe5 Qc7 17. Qg4 Qd7 18. Be3 Bg7 19. Rf7 Rdf8
20. Raf1 Rxf7 21. Rxf7 Kd8 22. Qe2 Qe8 23. Rf2 Rf8 24. Qd3 Rxf2 25. Bxf2 Nf8
26. Qa3 a6 27. Be1 Nd7 28. Ba5+ Kc8 29. Bb4 Bf8 30. Qd3 Qf7 31. Bd2 Bg7 32. Qg6
Qxg6 33. hxg6 Nf8 34. Nh5 Bxe5 35. dxe5 Nxg6 36. Kf2 Nxe5 37. Bc3 Nf7 38. Kg3
e5 39. Kg4 d4 40. Bb4 e6 41. Nf6 b6 42. Kh5 c5 43. Be1 Kd8 44. Kg6 Ke7 45. Ng8+
Kf8 46. Nxh6 Nxh6 47. Kxh6 g4 48. Kg5 Kf7 49. Kxg4 c4 50. Kf3 Kf6 51. Ke4 1-0

[Event "21e tournoi de NoÃ«l"]
[Site "Montigny le Bretonneux"]
[Date "2021.12.27"]
[Round "2.3"]
[White "Divies, Renaud"]
[Black "Sanchez-Narboni, Quentin"]
[Result "1-0"]
[WhiteElo "1954"]
[BlackElo "1514"]
[Annotator "Rivier,Sylvain"]
[PlyCount "69"]
[EventDate "2021.??.??"]

{Ouverture anglaise, variante sicilienne inversÃ©e} 1. c4 f5 2. Nc3 Nf6 3. g3
e5 4. Bg2 Nc6 5. e3 Be7 6. d4 e4 7. f3 exf3 8. Nxf3 O-O 9. O-O Bb4 10. Qc2 d6
11. Ne2 Qe7 12. a3 Ba5 13. b4 Bxb4 14. axb4 Nxb4 15. Qb3 c5 16. Nf4 h6 17. Ng6
Qe4 18. Nxf8 Kxf8 19. dxc5 dxc5 20. Nd4 Qg4 21. Rf4 Qh5 22. Rh4 Qf7 23. Bd2 a5
24. Bxb4 cxb4 25. Rf1 g5 26. Rxh6 Kg7 27. Rxf6 Qxf6 28. Be4 f4 29. gxf4 gxf4
30. Rxf4 Qg5+ 31. Kh1 Bh3 32. Nf5+ Kg6 33. Nd6+ Kg7 34. Rf7+ Kg8 35. Bh7+ 1-0

[Event "21e tournoi de NoÃ«l"]
[Site "Montigny le Bretonneux"]
[Date "2021.12.27"]
[Round "2.4"]
[White "Delmas-Goyon, Francois"]
[Black "Sondermeijer, Antoine"]
[Result "1-0"]
[WhiteElo "1877"]
[BlackElo "1485"]
[Annotator "Rivier,Sylvain"]
[PlyCount "79"]
[EventDate "2021.??.??"]

{DÃ©fense sicilienne, variante du dragon} 1. e4 c5 2. Nf3 d6 3. d4 cxd4 4. Nxd4
Nf6 5. Nc3 g6 6. Be2 Bg7 7. O-O O-O 8. Be3 Nc6 9. Nb3 Be6 10. f4 Re8 11. g4 a5
12. Rb1 Nb4 13. a3 Nxc2 14. Qxc2 Bxg4 15. Qd1 Bd7 16. Nd4 Bc6 17. Nxc6 bxc6 18.
Bf3 Qc7 19. b4 Rab8 20. Qd2 Red8 21. Rfc1 axb4 22. axb4 Qd7 23. Qe2 Rdc8 24.
Nd1 h5 25. Nf2 Ne8 26. Qd3 Qb7 27. f5 Qb5 28. Qxb5 cxb5 29. fxg6 fxg6 30. Be2
Rxc1+ 31. Rxc1 Nf6 32. Rc7 Kf7 33. Ba7 Rd8 34. Bxb5 Ne8 35. Bxe8+ Rxe8 36. b5
Rd8 37. Be3 Rb8 38. b6 Ke8 39. b7 Kd8 40. Bb6 1-0

[Event "21e tournoi de Noël"]
[Site "Montigny le Bretonneux"]
[Date "2021.12.27"]
[Round "2.5"]
[White "Gheorghin, Felix"]
[Black "Gaillard, Michel"]
[Result "1-0"]
[WhiteElo "1469"]
[BlackElo "1859"]
[Annotator "Rivier,Sylvain"]
[PlyCount "28"]
[EventDate "2021.??.??"]

{Défense française, variante d'échange} 1. e4 e6 2. d4 d5 3. exd5 exd5 4. Bd3
Nf6 5. Nf3 Bd6 6. O-O O-O 7. Bg5 Bg4 8. h3 Bh5 9. Nbd2 Nbd7 10. c3 c6 11. Qc2
Qc7 12. Rfe1 Rfe8 13. c4 dxc4 14. Bxc4 Bg6 1-0